header

The Chilean labor market (Record no. 93991)

MARC details
000 -LEADER
fixed length control field 01248nam a2200325Ia 4500
100 1# - MAIN ENTRY--AUTHOR NAME
Personal name Sehnbruch, Kirsten.
245 14 - TITLE STATEMENT
Title The Chilean labor market
250 ## - EDITION STATEMENT
Edition statement 1st ed.
260 ## - PUBLICATION, DISTRIBUTION, ETC. (IMPRINT)
Place of publication New York :
Name of publisher Palgrave Macmillan,
Year of publication 2006.
300 ## - PHYSICAL DESCRIPTION
Number of Pages xxiii, 339 p. :
Other physical details ill.
650 #0 - SUBJECT ADDED ENTRY--TOPICAL TERM
Topical Term Labor market
856 40 - ELECTRONIC LOCATION AND ACCESS
Uniform Resource Identifier http://site.ebrary.com/lib/rucke/Doc?id=10150426

No items available.

© 2026 Rongo University
Contact us: librarian | system librarian | Rongo university